LEADER 01239nam a2200301 i 4500 001 000000148001 003 CaOOAMICUS 005 20060221000000.0 008 060221s1985 it u000 u ita u 013 $a125316 020 $a88-422-0045-X 040 $aSeMil$bita 245 10$aViaggio di nozze al Louvre /$c10 storie scelte e presentate da Carlo Fruttero e Franco Lucentini. 260 $aTorino :$bUmberto Allemandi & C.,$cstampa 1985. 300 $a193 p. ;$c24 cm. 490 0 $aI testimoni dell'arte 500 $aFondo Ciprandi. 650 4$aLetteratura e arte.$0(OLS)http://semarc/subject/7142 700 1 $aLucentini, Franco,$d<1920-2002>.$0(OLS)http://semarc/name/18448 700 1 $aFruttero, Carlo,$d<1926-2012>.$0(OLS)http://semarc/name/18447 830 2$aI testimoni dell'arte.$0(OLS)http://semarc/title/19494 850 $aSeMil 852 $aSeMil$W1$xVenegono$y1$m5N VI 133$j100513$B100513$CSeMilBibl$Z2$F109118 $81 941 1 $a1 961 $aOmaggio: Ciprandi dott. Paolo 996 $6020$a88-422-0045-X$9(OLS)http://semarc/number/136857 996 $6245$aViaggio di nozze al Louvre$9(OLS)http://semarc/title/216416 996 $6260$aTorino :$bUmberto Allemandi & C.$9(OLS)http://semarc/publisher/32704 LEADER 02103nam a2200289 i 4500 001 000000249783 003 CaOOAMICUS 005 20201015144746.0 008 160623s1677 it u000 u ita u 013 $a228688 026 $ao-io e.ua o-e, reep (3) 1677 (R) 040 $aSeMil$bita 100 1 $aAcami, Domenico,$d<1640-1695>.$0(OLS)http://semarc/name/82889 240 10$aVie du venerable serviteur de Dieu Vincent de Paul, ...$0(OLS)http://semarc/title/349423 245 10$aVita del ven. Servo di Dio Vincenzo De Paoli fondatore, e primo superior generale della Congregazione della Missione. Raccolta da quella, che gią scrisse in lingua francese monsignor Ludovico Abelly vescovo di Rodez, e publicata nell'idioma italiano da Domenico Acami prete della Congregazione dell'Oratorio di Roma. 264 1$aIn Roma :$bNella Stamperia di Francesco Tizzoni,$c1677. 300 $a[12], 386, [2] p., [1] carta di tav. :$b ritr. ;$c4°. 500 $aStemma xilogr. di papa Innocenzo 11. sul front. - Segn. : §6 A-3A4 3B6. - Iniz., fregi xilogr. - A c. 2S1r inizia con occhietto: Breve notizia delle virtł di alcune persone, le quali con la direzione, e con i consigli di Vincenzo fecero progresso notabile nella vita spirituale. - Lascito Card. C.M. Martini. 700 1 $aAbelly, Louis ,$c.$0(OLS)http://semarc/name/832 700 1 $aTizzoni, Francesco,$c.$0(OLS)http://semarc/name/82704 850 $aSeMil 852 $aSeMil$W1$xVenegono$y1$m3J III 68 FA$j200129$B200129$CSeMilBibl$Z2$F211630 $8I 941 1 $a4 961 $aLascito: Martini Card. Carlo Maria 996 $6245$aVita del ven. Servo di Dio Vincenzo De Paoli fondatore, e primo superior generale della Congregazione della Missione. Raccolta da quella, che gią scrisse in lingua francese monsignor Ludovico Abelly vescovo di Rodez, e publicata nell'idioma italiano da Domenico Acami prete della Congregazione dell'Oratorio di Roma$9(OLS)http://semarc/title/349422 996 $6264$aIn Roma :$bNella Stamperia di Francesco Tizzoni$9(OLS)http://semarc/publisher/55155